Arkansas Business

Detalles Bibliográficos
Formato: Desconocido
Lenguaje:inglés
Publicado: Estados Unidos : Journal Publishing, Inc.
Materias:
Acceso en línea:Acceso restringido

MARC

LEADER 00000ny a22000003n 4500
005 20110511102332.0
008 100413s us 000 eng d
022 |a 1053-6582 
035 |a 2834 
040 |a BUS  |d vLex 
090 |c 1608  |d 1608 
245 3 0 |a Arkansas Business  |h [Recurso electrn̤ico] 
256 |a Servicio en ln̕ea 
260 |a Estados Unidos :  |b Journal Publishing, Inc.  
310 |a Semanal 
506 1 |a Contenido solo disponible en los productos indicados  |d vLex Global  |d vLex Global (Academic Edition, excluding Law Schools)  |d vLex Global (Academic Edition, Law Schools) 
650 0 4 |a Negocios  |x Publicaciones perid̤icas 
740 |a vLex Revista (Servicios en ln̕ea) 
843 |a Electrn̤ica. Abierta 
853 |8 1  |i (year)  |j (month)  |k (day) 
856 4 0 |z Acceso restringido  |u http://vlex.com/account/login_ip?fuente_id=2834  
942 |c REV